[Event "AUTO-BEG-415"]
[Site "http://www.queenalice.com/game.php?id=816905"]
[Date "2010.8.12"]
[Round "1"]
[White "leticiar"]
[Black "Wyrmnax"]
[Result "0-1"]
[WhiteElo "1282"]
[BlackElo "1230"]

1. d4 d5 2. Nf3 Nc6 3. Nc3 Nf6 4. e3 Bf5 5. Bd3 e6 6. O-O g5 7. e4 dxe4 8. Qe2
exd3 9. cxd3 Nb4 10. Bxg5 Bxd3 11. Qd2 Qd6 12. Rfe1 Ne4 13. Nxe4 Bxe4 14. Rxe4
Qd5 15. Ree1 Bd6 16. b3 Nc6 17. Rac1 Bb4 18. Qe2 Nxd4 19. Qe3 Bc5 20. Red1 h6
21. Qxd4 Qxd4 22. Nxd4 Bxd4 23. Bf4 Bb6 24. Be5 Rg8 25. Rc2 Rg5 26. Bxc7 Bxc7
27. Rxc7 Kf8 28. Rxb7 Rc8 29. Rxa7 Rd5 30. Rf1 Kg7 31. a4 Rg5 32. b4 Rc4 33. b5
Rcg4 34. Re1 Rxg2+ 35. Kf1 Rg1+ 36. Ke2 Re5+ 37. Kd2 Rgxe1 38. b6 Rf1 39. a5 Rf5
40. a6 Rf3 41. b7 R1xf2+ 42. Ke1 Rg2 43. b8=Q Ra3 44. Qb7 Ra1+ 45. Qb1 Rxb1# 0-1

[Event "AUTO-BEG-415"]
[Site "http://www.queenalice.com/game.php?id=816906"]
[Date "2010.8.12"]
[Round "1"]
[White "Wyrmnax"]
[Black "leticiar"]
[Result "0-1"]
[WhiteElo "1212"]
[BlackElo "1264"]

1. e4 e5 2. d4 Nc6 3. d5 Nce7 4. Nf3 d6 5. Nc3 f5 6. Ng5 h6 7. Nf3 fxe4 8. Nxe4
Nxd5 9. Qxd5 Ne7 10. Qc4 Bf5 11. Qa4+ Nc6 12. Bd3 Qd7 13. Ng3 e4 14. Bxe4 Ne7
15. Qd4 Rg8 16. Nxf5 Nxf5 17. Bxf5 Qxf5 18. O-O Be7 19. Re1 Qf6 20. Qe4 O-O-O
21. Nd4 Rgf8 22. Ne6 Qh4 23. Qd5 Qxf2+ 24. Kh1 Qxe1# 0-1

[Event "Challenge"]
[Site "http://www.queenalice.com/game.php?id=821614"]
[Date "2010.8.22"]
[Round "-"]
[White "leticiar"]
[Black "kavalheiro"]
[Result "0-1"]
[WhiteElo "1266"]
[BlackElo "1508"]

1. e4 e6 2. Nc3 Bc5 3. Qe2 Qf6 4. d3 Nh6 5. Qf3 O-O 6. Bxh6 Qxh6 7. Qh3 Qf6 8.
Nf3 e5 9. Be2 d5 10. Nxd5 Qg6 11. O-O Bxh3 12. Ne1 c6 13. Nc7 Na6 14. Nxa8 Rxa8
15. c3 Re8 16. d4 exd4 17. cxd4 Bxd4 18. Rd1 Rxe4 19. Bc4 Rxe1 20. Rdxe1 Qxg2#
0-1

[Event "Challenge"]
[Site "http://www.queenalice.com/game.php?id=821617"]
[Date "2010.8.22"]
[Round "-"]
[White "talbot"]
[Black "leticiar"]
[Result "0-1"]
[WhiteElo "1514"]
[BlackElo "1224"]

1. d3 d5 2. g4 Bxg4 3. h3 Be6 4. b4 b5 5. Bg2 Nc6 6. Bb2 Nf6 7. Na3 Nxb4 8. Nf3
Nh5 9. Nxb5 Rb8 10. Nxa7 Nf4 11. Bf1 Bf5 12. Ng5 e6 13. a3 Na6 14. e3 Rxb2 15.
exf4 Qd6 16. Qe2 Qxf4 17. Qh5 Rxc2 18. Nxf7 Qxf2+ 19. Kd1 Qd2# 0-1

[Event "Challenge"]
[Site "http://www.queenalice.com/game.php?id=821619"]
[Date "2010.8.22"]
[Round "-"]
[White "vinoseco"]
[Black "leticiar"]
[Result "1-0"]
[WhiteElo "1461"]
[BlackElo "1250"]

1. Nf3 Nc6 2. Nc3 Nf6 3. Ng5 h6 4. Nf3 d5 5. e3 e5 6. Bd3 Be6 7. O-O e4 8. Nd4
Nxd4 9. exd4 exd3 10. cxd3 Qd6 11. g3 O-O-O 12. Qa4 Qb6 13. a3 Bf5 14. Qc2 1-0

[Event "Challenge"]
[Site "http://www.queenalice.com/game.php?id=845078"]
[Date "2010.10.13"]
[Round "-"]
[White "fornov_ik"]
[Black "leticiar"]
[Result "0-1"]
[WhiteElo "1360"]
[BlackElo "1308"]

1. e4 e5 2. Nf3 Nf6 3. Nc3 Nc6 4. d4 d6 5. d5 Ne7 6. Bb5+ c6 7. dxc6 bxc6 8. Ba4
Rb8 9. Bb3 d5 10. Nxe5 Qd6 11. Bf4 Ng6 12. Nxg6 hxg6 13. Bxd6 Bxd6 14. O-O dxe4
15. Qxd6 Be6 16. Qxb8+ Ke7 17. Qxh8 a5 18. Qxg7 Nh5 19. Qd4 Nf4 20. Qxe4 g5 21.
Qxc6 Kf6 22. Ne4+ Kf5 23. Bxe6+ fxe6 24. Ng3+ Kg4 25. h3+ Kh4 0-1

[Event "AUTO-BEG-428"]
[Site "http://www.queenalice.com/game.php?id=845129"]
[Date "2010.10.13"]
[Round "1"]
[White "leticiar"]
[Black "Denny"]
[Result "0-1"]
[WhiteElo "1333"]
[BlackElo "1456"]

1. d4 d5 2. Nc3 Nc6 3. Nf3 Bf5 4. Bf4 Nb4 5. e3 Nxc2+ 6. Qxc2 Bxc2 7. Rc1 Bf5 8.
Bb5+ c6 9. Ba4 b5 10. O-O bxa4 11. Nxa4 Qa5 12. Nc5 e6 13. a3 e5 0-1

[Event "AUTO-BEG-428"]
[Site "http://www.queenalice.com/game.php?id=845130"]
[Date "2010.10.13"]
[Round "1"]
[White "Denny"]
[Black "leticiar"]
[Result "1-0"]
[WhiteElo "1444"]
[BlackElo "1345"]

1. e4 e5 2. Qf3 Nf6 3. Qb3 Nxe4 4. Bc4 Bc5 5. d4 Bxd4 6. Ke2 Nxf2 7. Nf3 Nxh1 8.
Bg5 f6 9. c3 Bc5 10. Bf7+ Kf8 11. Nbd2 Nf2 12. Be3 Ng4 13. Bxc5+ d6 14. Ba3 1-0

[Event "AUTO-BEG-428"]
[Site "http://www.queenalice.com/game.php?id=845131"]
[Date "2010.10.13"]
[Round "1"]
[White "leticiar"]
[Black "gabriellima"]
[Result "0-1"]
[WhiteElo "1315"]
[BlackElo "1288"]

1. d4 Nc6 2. Nf3 e5 3. e3 Qe7 4. Bd3 e4 5. Be2 exf3 6. Bxf3 Nf6 7. O-O g6 8. Nc3
Bh6 9. Qe1 g5 10. e4 d5 11. Nxd5 Nxd5 12. Bd2 Qe6 13. Qe3 Nxe3 14. Bxe3 Qg6 15.
c3 g4 16. Be2 f5 17. exf5 Bxf5 18. b4 g3 19. fxg3 Bxe3+ 20. Kh1 h5 21. c4 Bxd4
22. Rad1 Rf8 23. b5 Bc2 24. Rc1 Rxf1+ 25. Rxf1 Ke7 0-1

[Event "AUTO-BEG-428"]
[Site "http://www.queenalice.com/game.php?id=845132"]
[Date "2010.10.13"]
[Round "1"]
[White "gabriellima"]
[Black "leticiar"]
[Result "1-0"]
[WhiteElo "1305"]
[BlackElo "1298"]

1. e4 e5 2. Nf3 Nc6 3. Bb5 Nf6 4. O-O Bc5 5. c3 Ng4 6. d4 Bb6 7. Bg5 Ne7 8. Nxe5
O-O 9. Nxg4 d5 10. f3 Qd6 11. e5 Qd7 12. Bxd7 Bxd7 13. Re1 c5 14. Qd3 cxd4 15.
cxd4 Rac8 16. Bd2 Nf5 17. Nf2 Bxd4 18. g4 Nh4 19. Qxd4 Be6 20. Qxa7 Nxf3+ 21.
Kf1 Rc2 22. Re2 Rxb2 23. Qa3 Rb5 24. Qxf3 Rc5 25. Bb4 Rc4 26. Bxf8 Kxf8 27. Na3
1-0

[Event "AUTO-OPEN-2144"]
[Site "http://www.queenalice.com/game.php?id=850671"]
[Date "2010.10.26"]
[Round "1"]
[White "gmvilela"]
[Black "leticiar"]
[Result "1-0"]
[WhiteElo "2204"]
[BlackElo "1318"]

1. e4 e5 2. Nf3 Nc6 3. Bc4 Nh6 4. d4 d6 5. dxe5 dxe5 6. Qxd8+ Nxd8 7. Nxe5 Bd6
8. Nd3 O-O 9. Bxh6 Ne6 10. Be3 Be5 11. Nxe5 b6 12. Bd5 Bd7 13. Bxa8 Rxa8 14.
Nxd7 Rd8 15. Ne5 f6 16. Nf3 Rd4 17. Nxd4 Nc5 18. f3 1-0

[Event "AUTO-OPEN-2144"]
[Site "http://www.queenalice.com/game.php?id=850672"]
[Date "2010.10.26"]
[Round "1"]
[White "leticiar"]
[Black "gmvilela"]
[Result "0-1"]
[WhiteElo "1316"]
[BlackElo "2205"]

1. d4 d5 2. Nf3 Nf6 3. Nc3 Bf5 4. Bf4 e6 5. Nb5 Na6 6. Nxc7+ Nxc7 7. Bxc7 Qxc7
8. e3 Bxc2 9. Qd2 Ne4 10. Qc1 Bb4+ 11. Nd2 Bxd2+ 12. Qxd2 Nxd2 13. Rc1 Ne4 14.
Bb5+ Ke7 15. O-O Rhc8 16. b3 Qa5 17. a4 Rc3 0-1

[Event "AUTO-OPEN-2144"]
[Site "http://www.queenalice.com/game.php?id=850691"]
[Date "2010.10.26"]
[Round "1"]
[White "FERREIRA16"]
[Black "leticiar"]
[Result "1-0"]
[WhiteElo "2162"]
[BlackElo "1320"]

1. e4 e5 2. Nf3 Nc6 3. Bb5 Nf6 4. O-O Bc5 5. c3 Nxe4 6. d4 exd4 7. cxd4 Be7 8.
Re1 O-O 9. Rxe4 Qe8 10. Bxc6 dxc6 11. Bg5 Bf5 12. Rxe7 Qd8 13. Rxf7 Rxf7 14.
Bxd8 Rxd8 15. Nc3 b6 16. Ne5 Re7 17. Nxc6 Rd6 18. Nxe7+ Kf8 19. Nxf5 c5 20. Nxd6
1-0

[Event "AUTO-OPEN-2144"]
[Site "http://www.queenalice.com/game.php?id=850692"]
[Date "2010.10.26"]
[Round "1"]
[White "leticiar"]
[Black "FERREIRA16"]
[Result "0-1"]
[WhiteElo "1322"]
[BlackElo "2161"]

1. d4 g6 2. e4 Bg7 3. Be3 c5 4. Nf3 cxd4 5. Bxd4 Nf6 6. Nc3 O-O 7. Bc4 Nc6 8.
Bc5 d6 9. Bb4 Nxb4 10. O-O Bg4 11. a3 Bxf3 12. Qxf3 Nxc2 13. Rad1 Nd7 14. Qe2
Nd4 15. Qe3 Nc6 16. Qd3 Nce5 17. Qd4 Nf3+ 18. Kh1 Nxd4 19. b4 Nb6 0-1

[Event "AUTO-OPEN-2144"]
[Site "http://www.queenalice.com/game.php?id=850701"]
[Date "2010.10.26"]
[Round "1"]
[White "GMNeny"]
[Black "leticiar"]
[Result "1-0"]
[WhiteElo "2470"]
[BlackElo "1276"]

1. e4 e5 2. Nf3 Nc6 3. Bb5 Nf6 4. d3 Bc5 5. O-O Ng4 6. h3 Nxf2 7. Rxf2 O-O 8.
Bg5 Qe8 9. Qe2 d6 10. Nbd2 a6 11. Ba4 Qe6 12. Bb3 Nb4 13. a3 Qd7 14. axb4 Bxb4
15. Kh1 Qe7 16. Raf1 Qd7 17. c3 1-0

[Event "AUTO-OPEN-2144"]
[Site "http://www.queenalice.com/game.php?id=850702"]
[Date "2010.10.26"]
[Round "1"]
[White "leticiar"]
[Black "GMNeny"]
[Result "0-1"]
[WhiteElo "1274"]
[BlackElo "2471"]

1. d4 Nf6 2. Nc3 d5 3. Bf4 c6 4. Qd2 Bf5 5. Nb5 Na6 6. Qe3 cxb5 7. Qe5 e6 8. e3
Qa5+ 9. c3 Be7 10. a3 O-O 11. b4 Qd8 12. Bxb5 Nd7 13. Bxd7 Qxd7 14. Nf3 f6 15.
O-O fxe5 16. Nxe5 Qe8 0-1

[Event "Deusa_Caissa"]
[Site "http://www.queenalice.com/game.php?id=856858"]
[Date "2010.11.9"]
[Round "1"]
[White "leticiar"]
[Black "helenaeyng"]
[Result "0-1"]
[WhiteElo "1352"]
[BlackElo "1576"]

1. d4 f5 2. Bf4 Nf6 3. Nf3 d5 4. Nc3 e6 5. Nb5 Bd6 6. e3 a6 7. Nxd6+ cxd6 8. Bd3
Ne4 9. O-O O-O 10. b3 Nc6 0-1

[Event "Deusa_Caissa"]
[Site "http://www.queenalice.com/game.php?id=856869"]
[Date "2010.11.9"]
[Round "2"]
[White "Sonia"]
[Black "leticiar"]
[Result "1-0"]
[WhiteElo "1667"]
[BlackElo "1272"]

1. e4 e5 2. Nf3 Nc6 3. c3 Nf6 4. d3 Bc5 5. h3 d6 6. Qe2 Ng4 7. hxg4 Bxg4 8. b4
Bb6 9. Be3 Qf6 10. Nbd2 O-O 11. Bxb6 cxb6 12. a4 Qe6 13. Qe3 a5 14. b5 Ne7 15.
Ng5 Qf6 16. f3 Rac8 17. Rc1 Ng6 18. fxg4 Nf4 19. Nxh7 Rfe8 20. Nxf6+ gxf6 21. g3
Ng6 22. Qxb6 Ne7 23. Qxb7 f5 24. gxf5 f6 25. Qb6 Rc6 26. bxc6 1-0